Регионална библиотека "Любен Каравелов" - Русе

Пикильо Алияга или Маврите в царуването на Филипа III от Евг. Скриба (Запис номер 157074)

MARC детайли
000 -Лидер
Контролно поле с фиксирана дължина 01249nam a2200313 c 4500
003 - Код на организацията, давaща контролен номер
Контролно поле BLK
005 - Дата и час на последна редакция
Контролно поле 20191106132156.0
008 - Елементи от данни с фиксирана дължина
fixed length control field 180410b bul|||||r ||||||| ||bul||
010 ## - Наследен системен номер
LC control number KNG00164015000
040 ## - Източник на каталожния запис
Идентификатор на билиотеката - собственик на записа BLK
041 ## - Код за език
Код за езика на текст/звукозапис или на отделно заглавие Български
Код за езика КДБФ Български
072 #7 - Код за тематичната категория
Код организация bullib
Код за тематична категория С
Текст Старопечатен фонд
080 ## - УДК
Текстов определител УДК Френска литература
УДК код - определител по УДК 821.133.1
УДК определител -31
УДК - код + определител 821.133.1-31
139 ## - Редно поле
Редна дума Скриб, Йожен
Авторски знак Ско - С 40
245 10 - Сведения за заглавието
Заглавие Пикильо Алияга или Маврите в царуването на Филипа III от Евг. Скриба
Подзаглавни данни Т. 1-2. / Превод Н. Михайловскаго
Редно поле (дума) * Йожен Скриб; * Никола Стоянов Михайловски.
Том Т. 1
257 ## - Страна на издаване
Страна на създаване/издаване Франция
260 ## - Област на издателските данни
Име на издателя, разпространителя и проч. Бълг. печатарско д-во Промишление
Година на издаване 1875
Печатница Печ. Карапетров и Друж.
300 ## - Физическа характеристика
Размери/Мащаб 20 см
380 ## - Жанр
Жанр Худож. лит.
505 ## - Форматирана забележка
Заглавие Екз. с баркод 900000000459 е от Частна колекция Михаил Арнаудов
659 ## - Тематичен бюлетин
Тематичен бюлетин С
700 1# - Други автори (авторска отговорност)
Лично име Скриб, Йожен
Автороска отговорност (Описва отношението между автора и произведението) *
9 (RLIN) 121046
700 1# - Други автори (авторска отговорност)
Лично име Михайловски, Никола Стоянов
Автороска отговорност (Описва отношението между автора и произведението) *
9 (RLIN) 380238
760 1# - Описание на основната серия
Страници - том 160 с.
Заглавие Т. 1
852 ## - Местоположение
Форматна сигнатура Цб Ст 5282*1699
856 4# - Електронен адрес и достъп
Електронен формат pdf - файл
856 4# - Електронен адрес и достъп
Електронен формат pdf - файл
999 ## - СИСТЕМНИ КОНТРОЛНИ НОМЕРА
Koha biblionumber 157074
Koha biblioitemnumber 157074
942 ## - АРТИКУЛИ
Вид на библиотечния материал Книги
Скрит в OPAC Не
Периодичен библиозапис Да
944 ## - СЪЗДАВАНЕ И РЕДАКЦИЯ на ЗАПИСА
Създаване/Редакция Създаване
Дата на регистрацията/редакция 11.08.2014
Служител, извършил регистрацията/редакцията Теодора_Стоянова
944 ## - СЪЗДАВАНЕ И РЕДАКЦИЯ на ЗАПИСА
Създаване/Редакция Редакция
Дата на регистрацията/редакция 11.08.2014
999 ## - СИСТЕМНИ КОНТРОЛНИ НОМЕРА
Koha biblioitemnumber 157074
Наличности
Код за отписване Код за изгубен артикул Източник на класификационната схема Код за повреда Коз за рестрикции Код за отдаване Артикулен № Име на библиотеката - собственик Име на библиотеката, в която се намира в момента Статус (Текущо местоположение) Дата на вписване в системата Местоположение - отдел Цена в лева Инвентарен номер Систематично азбучна сигнатура Баркод Номер на екземпляра Цена в евро Служебна бележка Служебен тип на артикула
  Не е изгубен Universal Decimal Classification Не е повреден само за читалня Специални фондове ( старопечатни, редки и ценни, фонд М. Арнаудов) 263143 Регионална библиотека "Любен Каравелов" Русе Регионална библиотека "Любен Каравелов" Русе Старопечатен фонд 2000-01-01 Старопечатен фонд 10.00 282-ст Цб Ст 5282*1699 900000000459 1 5.11 Дост: DA Вид: А N: стар фонд Дата: 01.01.2000 Дата инв: 02.04.2018 Бележки инв: СТ2018 Книги
  Не е изгубен Universal Decimal Classification Не е повреден само за читалня Специални фондове ( старопечатни, редки и ценни, фонд М. Арнаудов) 263144 Регионална библиотека "Любен Каравелов" Русе Регионална библиотека "Любен Каравелов" Русе Старопечатен фонд 2000-01-01 Старопечатен фонд 1.28 14122/58-ст Цб Ст 5282*1699 900000000460 2 0.65 Дост: DA Вид: А N: стар фонд Дата: 01.01.2000 Дата инв: 02.04.2018 Бележки инв: СТ2018 Книги
  Не е изгубен Universal Decimal Classification Не е повреден само за читалня Специални фондове ( старопечатни, редки и ценни, фонд М. Арнаудов) 263145 Регионална библиотека "Любен Каравелов" Русе Регионална библиотека "Любен Каравелов" Русе Старопечатен фонд 2000-01-01 Старопечатен фонд 1.28 13719/58-ст Цб Ст 5282*1699 900000000464 3 0.65 Дост: DA Вид: А N: стар фонд Дата: 01.01.2000 Дата инв: 02.04.2018 Бележки инв: СТ2018 Книги
Vip Innovations Ltd, Rousse, Bulgaria 2025